| 000 | 00913nam a22002537a 4500 | ||
|---|---|---|---|
| 005 | 20170123162316.0 | ||
| 010 | _aA-848423 | ||
| 020 | _c150.00 | ||
| 035 | _aA-848423 | ||
| 037 | _bCen Lib/Ret | ||
| 040 |
_aDPL _bUR |
||
| 082 |
_a840.8 _bم و ص |
||
| 245 |
_aمُصَوِّر سَبذواری : _cمرتب نسیم الظّفر _bفن اور شاکسیت / |
||
| 246 |
_aMusawwar sabzadvi : fan aur shaksiyat / _bedited by Naseem Alnazar |
||
| 260 |
_aنیی دہلی _bماڈرن پبلشنگ ہاؤس _c1996 |
||
| 270 |
_bنیی دہلی _a٩، گولہ مارکیٹ دریاگنج _e110002 |
||
| 300 |
_a300p. _c21cm(Hb) |
||
| 650 |
_aاردو ادب _9114415 |
||
| 650 |
_aاردو سونے عمری _9108484 |
||
| 650 |
_aUrdu literature _9114416 |
||
| 650 |
_aUrdu boigraphy _9110954 |
||
| 700 |
_aنسیم الظّفر _9809 |
||
| 942 |
_2ddc _cUR _h840.8 _mم و ص |
||
| 999 |
_c106707 _d106707 |
||